Visualizzazione normale
Vista MARC
- Rossi Giovanni Maria
di Personal Name
Records bibliografici associati: 1
001 - CONTROL NUMBER
- control field: 18166
003 - CONTROL NUMBER IDENTIFIER
- control field: IT-RoPau
005 - DATE AND TIME OF LATEST TRANSACTION
- control field: 20140401214810.0
008 - FIXED-LENGTH DATA ELEMENTS
- fixed length control field: 140401|| aca||aabn | a|a d
040 ## - CATALOGING SOURCE
- Original cataloging agency: IT-RoPau
- Transcribing agency: IT-RoPau
100 ## - HEADING--PERSONAL NAME
- Personal name: Rossi Giovanni Maria
- Miscellaneous information: Codice interprete SPICS: 11282
- Relator term: Interprete
670 ## - SOURCE DATA FOUND
- Source citation: Work cat.: (IT-RoPau)102014: Capello Lorenzo 18162, Celebrazione liturgica della liberazione (La)